Entrada Encabezamiento temático
Número de registros utilizados en: 6
001 - NÚMERO DE CONTROL
- campo de control: 7714
003 - IDENTIFICADOR DEL NÚMERO DE CONTROL
- campo de control: vecauma
005 - FECHA Y HORA DE LA ÚLTIMA TRANSACCIÓN
- campo de control: 20251013183753.0
008 - DATOS DE LONGITUD FIJA
- campo de control de longitud fija: 230628|| aca||aabn | a|a d
040 ## - FUENTE DE LA CATALOGACIÓN
- Centro catalogador/agencia de origen: vecauma
150 ## - Materia
- Encabezamiento temático: TECNOLOGIAS DE LA INFORMACION Y DE LA COMUNICACION
450 ## - REFERENCIA DE “VEASE” MATERIA
- Encabezamiento temático: Communication --
- Subdivisión temática general: Technological innovations
450 ## - REFERENCIA DE “VEASE” MATERIA
- Encabezamiento temático: Comunicación --
- Subdivisión temática general: Innovaciones tecnológicas
450 ## - REFERENCIA DE “VEASE” MATERIA
- Encabezamiento temático: NTIC
450 ## - REFERENCIA DE “VEASE” MATERIA
- Encabezamiento temático: Nuevas tecnologías de la información y de la comunicación
450 ## - REFERENCIA DE “VEASE” MATERIA
- Encabezamiento temático: TIC
550 ## - REFERENCIA DE "VEASE ADEMAS" MATERIA
- Encabezamiento temático: TECNOLOGIA DE LA INFORMACION
- Subcampo de control : g
550 ## - REFERENCIA DE "VEASE ADEMAS" MATERIA
- Encabezamiento temático: REDES INFORMATICAS
550 ## - REFERENCIA DE "VEASE ADEMAS" MATERIA
- Encabezamiento temático: TELECOMUNICACIONES
670 ## - FUENTE EN LA QUE SE LOCALIZARON DATOS
- Cita de la fuente: Catálogo de Autoridades de la Biblioteca Nacional de España, 2023
- Información localizada: (Tecnologías de la información y de la comunicación)
670 ## - FUENTE EN LA QUE SE LOCALIZARON DATOS
- Cita de la fuente: Catálogo de Autoridades de la Biblioteca del Congreso, 2023
- Información localizada: (Communication-Technological innovations)
680 ## - NOTA GENERAL CON DESPLIEGUE AL PUBLICO
- Texto explicativo: Bajo este encabezamiento se ingresan las obras sobre la integración de las telecomunicaciones (líneas telefónicas y señales inalámbricas) y las computadoras, así como para obras sobre los productos y servicios basados en dichas tecnologías digitales y destinados al público general (por ejemplo, computadoras personales, televisión digital, correo electrónico o robots). Para obras sobre la adquisición, procesamiento, almacenamiento, recuperación y difusión de la información (sonora, gráfica, textual y digital) utilizando computadoras y equipos de telecomunicación, véase: Tecnología de la información
